LEADER 01217nam a2200253 i 4500 001 000000161197 003 CaOOAMICUS 005 20070507000000.0 008 070507s1983 it u000 u ita u 013 $a138560 020 $a88-211-6563-9 040 $aSeMil$bita 100 1 $aColetti, Vittorio,$d<1948- >.$0(OLS)http://semarc/name/42523 245 10$aParole dal pulpito :$bChiesa e movimenti religiosi tra latino e volgare nell'Italia del Medioevo e del Rinascimento /$cVittorio Coletti. 260 $aCasale Monferrato :$bMarietti,$cCopyr. 1983. 300 $a229 p. ;$c22 cm. 490 0 $aCollana di saggistica ;$v6 650 4$aMovimenti religiosi - Storia - Sec. 16.-18.$0(OLS)http://semarc/subject/5807 830 0$aCollana di saggistica ;$v6.$0(OLS)http://semarc/title/10422 850 $aSeMil 852 $aSeMil$W1$xVenegono$y1$m3B III 82$j112630$B112630$CSeMilBibl$Z2$F122960 $81 996 $6020$a88-211-6563-9$9(OLS)http://semarc/number/77201 996 $6245$aParole dal pulpito :$bChiesa e movimenti religiosi tra latino e volgare nell'Italia del Medioevo e del Rinascimento$9(OLS)http://semarc/title/144180 996 $6260$aCasale Monferrato :$bMarietti$9(OLS)http://semarc/publisher/29936 LEADER 01182nam a2200253 i 4500 001 000000167711 003 CaOOAMICUS 005 20071207000000.0 008 071207s1959 it u000 u ita u 013 $a145110 040 $aSeMil$bita 100 1 $aBettoni, Efrem .$0(OLS)http://semarc/name/90836 245 13$aLe dottrine filosofiche di Pier di Giovanni Olivi :$bsaggio /$cEfrem Bettoni. 260 $aMilano :$bVita e Pensiero,$c1959. 300 $a534 p. ;$c25 cm. 490 0 $aPubblicazioni dell'Università Cattolica del S. Cuore. N.s ;$v73. 500 $aContiene : Bibliografia. 650 4$aOlivi, Pietro di Giovanni - Pensiero filosofico.$0(OLS)http://semarc/subject/31987 830 0$aPubblicazioni dell'Università cattolica del Sacro Cuore. Nuova serie ;$v73.$0(OLS)http://semarc/title/41025 850 $aSeMil 852 $aSeMil$W1$xVenegono$y1$m2P VI 396$j118861$B118861$CSeMilBibl$Z2$F129677 $81 961 $aRecupero: Altro 996 $6245$aLe dottrine filosofiche di Pier di Giovanni Olivi :$bsaggio$9(OLS)http://semarc/title/239977 996 $6260$aMilano :$bVita e Pensiero$9(OLS)http://semarc/publisher/29642